000
00302nam a22001337a 4500
008
170310b xxu||||| |||| 00| 0 eng d
020
_a
0721664369
041
_a
eng
080
_a
616.5
100
_a
7
101
_a
SHM
245
_a
ATLAS OF SKIN DISEASES OF THE HORSE
_c
MONTES, .LF
942
_2
udc
_c
BK
999
_c
7474
_d
7474